Child abuse by mothers' boyfriends : why the overrepresentation? (Registro nro. 63915)

Detalles MARC
000 -CABECERA
campo de control de longitud fija 00609nam a2200217 a 4500
005 - FECHA Y HORA DE LA ÚLTIMA TRANSACCIÓN
campo de control 20210219152925.0
008 - ELEMENTOS DE LONGITUD FIJA--INFORMACIÓN GENERAL
campo de control de longitud fija 991125n 000 0 u
035 ## - NÚMERO DE CONTROL DEL SISTEMA
Número de control de sistema UPN01000067300
100 ## - ASIENTO PRINCIPAL--NOMBRE PERSONAL
Nombre de persona Margolin, Leslie
222 ## - TÍTULO CLAVE
Título clave CHILD ABUSE AND NEGLECT :
Información calificativa THE INTERNATIONAL JOURNAL
245 ## - MENCIÓN DE TÍTULO
Título Child abuse by mothers' boyfriends : why the overrepresentation?
300 ## - DESCRIPCIÓN FÍSICA
Extensión 541-551
362 ## - FECHAS DE PUBLICACIÓN Y/O DESIGNACIÓN SECUENCIAL
Fecha de publicación y/o designación secuencial Vol 16, No. 4, 1992
505 ## - NOTA DE CONTENIDO CON FORMATO PREESTABLECIDO
Nota de contenido con formato Marzo 1993
653 0# - TERMINO DE INDIZACION - NO CONTROLADO
Término no controlado CRIMINALES
653 0# - TERMINO DE INDIZACION - NO CONTROLADO
Término no controlado FRECUENCIA
653 0# - TERMINO DE INDIZACION - NO CONTROLADO
Término no controlado NINO MALTRATADO
653 0# - TERMINO DE INDIZACION - NO CONTROLADO
Término no controlado PADRE DE FAMILIA
904 ## - ELEMENTOS DE DATOS D LOCAL, LDD (RLIN)
a AC
b 005111
905 ## - TIPO DE MATERIAL
Tipo de material Articulo

No hay ítems disponibles.